[Event "FRA Team Ch"]
[Site "Noyon"]
[Date "2001.02.02"]
[Round "1.1"]
[White "Chuchelov, Vladimir"]
[Black "Gofshtein, Leonid"]
[Result "1-0"]
[WhiteElo "2531"]
[BlackElo "2548"]
[Annotator "Cappelle-Noyon"]
[PlyCount "49"]
[EventDate "2001.02.??"]

1. Nf3 c5 2. c4 Nc6 3. d4 cxd4 4. Nxd4 Nf6 5. Nc3 e6 6. a3 Bc5 7. Nb3 Be7 8. e4
O-O 9. Be2 b6 10. O-O Ba6 11. f4 Rc8 12. Be3 d6 13. Rc1 Qd7 14. Qe1 Qb7 15. Nd2
Na5 16. e5 dxe5 17. fxe5 Nd7 18. Qg3 Qb8 19. Nf3 Rfd8 20. Nb5 Bxb5 21. cxb5 Bc5
22. Rxc5 bxc5 23. Bh6 g6 24. Qh4 Rf8 25. Rd1 1-0

[Event "FRA Team Ch"]
[Site "Noyon"]
[Date "2001.02.02"]
[Round "1.2"]
[White "Moreno Carnero, Javier"]
[Black "Degraeve, Jean-Marc"]
[Result "1/2-1/2"]
[WhiteElo "2506"]
[BlackElo "2589"]
[Annotator "Noyon-Cappelle"]
[PlyCount "70"]
[EventDate "2001.02.??"]

1. e4 c5 2. Nf3 Nc6 3. Nc3 e5 4. Bc4 d6 5. d3 Be7 6. Nd2 Nf6 7. Nf1 a6 8. a3 b5
9. Ba2 Bg4 10. f3 Be6 11. Ne3 Bxa2 12. Rxa2 O-O 13. O-O Nd7 14. f4 exf4 15. Nf5
Nd4 16. Nxe7+ Qxe7 17. Nd5 Qd8 18. Bxf4 Nb6 19. c3 Ne6 20. Bg3 c4 21. dxc4 Nxc4
22. b3 Ne5 23. Rd2 f6 24. Bxe5 fxe5 25. Rxf8+ Nxf8 26. Qg4 Ra7 27. Rf2 Rf7 28.
Rxf7 Kxf7 29. Qf5+ Kg8 30. b4 g6 31. Qf6 Qxf6 32. Nxf6+ Kf7 33. Nd5 Nd7 34. Kf2
Nf6 35. Kf3 Nxd5 1/2-1/2

[Event "FRA Team Ch"]
[Site "Noyon"]
[Date "2001.02.02"]
[Round "1.4"]
[White "Marcelin, Cyril"]
[Black "Carlier, Bruno"]
[Result "1/2-1/2"]
[WhiteElo "2424"]
[BlackElo "2392"]
[Annotator "Noyon-Cappelle"]
[PlyCount "123"]
[EventDate "2001.02.??"]

1. d4 g6 2. e4 Bg7 3. Nc3 d6 4. g3 Nc6 5. d5 Ne5 6. Bg2 c6 7. Nge2 cxd5 8. Nxd5
Nf6 9. O-O O-O 10. c3 Bd7 11. Nd4 Rc8 12. Qe2 Nc6 13. Nb3 a6 14. Re1 Ne5 15.
Nd4 e6 16. Nxf6+ Bxf6 17. Bh6 Re8 18. Rad1 Qc7 19. Nf3 Bb5 20. Qc2 Qe7 21. Be3
Nxf3+ 22. Bxf3 Bc6 23. Bb6 Be5 24. Bg2 g5 25. h3 Kh8 26. Qd2 Rg8 27. Kh1 Rg6
28. Bd4 Rcg8 29. c4 Qf6 30. Kg1 h5 31. Re3 Kh7 32. Bxe5 dxe5 33. Qd6 g4 34. h4
Rc8 35. Red3 Rgg8 36. b3 Kg6 37. R3d2 Kh6 38. a4 Kh7 39. Rd3 Kh6 40. a5 Kg7 41.
Qb4 Rgd8 42. Qc3 Rxd3 43. Rxd3 Kf8 44. Qb2 Ke8 45. b4 Bd7 46. Bf1 Bc6 47. Bg2
Bd7 48. Bf1 Bc6 49. Re3 Bd7 50. b5 Rc5 51. bxa6 bxa6 52. Rb3 Qd8 53. Rb7 Bc8
54. Rb8 Qc7 55. Ra8 Rc6 56. Qb4 Rc5 57. Be2 Kd8 58. Qd2+ Qd7 59. Qb4 Qc7 60.
Qd2+ Qd7 61. Qb4 Qc7 62. Qd2+ 1/2-1/2

[Event "FRA Team Ch"]
[Site "Noyon"]
[Date "2001.02.02"]
[Round "1.5"]
[White "Catteau, Bruno"]
[Black "Peyrat, Olivier"]
[Result "1/2-1/2"]
[WhiteElo "2193"]
[BlackElo "2383"]
[Annotator "Cappelle-Noyon"]
[PlyCount "103"]
[EventDate "2001.02.??"]

1. d4 d6 2. Nf3 Bg4 3. e4 Nf6 4. Nc3 e6 5. Be2 Be7 6. O-O d5 7. Ne5 Bxe2 8.
Qxe2 c6 9. exd5 exd5 10. Re1 O-O 11. Ng4 Bb4 12. Bg5 Nbd7 13. Qf3 Bxc3 14. Qxc3
Qc7 15. Nxf6+ Nxf6 16. Bxf6 gxf6 17. Qf3 Qd6 18. Re3 Rae8 19. Rae1 Rxe3 20.
Rxe3 Kh8 21. Qf5 Rg8 22. Rh3 Rg6 23. c3 Kg7 24. Re3 Qd8 25. h4 Kg8 26. f4 h6
27. h5 Rg7 28. Kh2 a6 29. Re2 Kh8 30. Re3 Rg8 31. g4 Qd6 32. Kh3 Qd8 33. a3 Qd6
34. Re2 Qd8 35. Re3 Qd6 36. Re1 Qd8 37. Re2 Qd6 38. Kg3 Qd8 39. Kh3 Qd6 40. Re3
Qd8 41. Kh4 a5 42. a4 Qd6 43. Kh3 Qd8 44. Re2 Qd6 45. Re3 Qd8 46. Kg3 Qd6 47.
Kf3 Qd8 48. Re1 Qd6 49. Re2 Qd8 50. Kg3 Qd6 51. Kh4 Qd8 52. Re3 1/2-1/2

[Event "FRA Team Ch"]
[Site "Noyon"]
[Date "2001.02.02"]
[Round "1.6"]
[White "Karr, Jean-Philippe"]
[Black "Cappon, John"]
[Result "1-0"]
[WhiteElo "2383"]
[BlackElo "2188"]
[Annotator "Noyon-Cappelle"]
[PlyCount "49"]
[EventDate "2001.02.??"]

1. d4 d5 2. c4 c6 3. Nf3 Nf6 4. Nc3 dxc4 5. a4 Bf5 6. e3 e6 7. Bxc4 Bb4 8. O-O
O-O 9. Nh4 Bg6 10. Nxg6 hxg6 11. Qc2 c5 12. Na2 Ba5 13. dxc5 Nc6 14. b3 Nb4 15.
Nxb4 Bxb4 16. c6 bxc6 17. Bb2 Qc7 18. Qe2 Ne4 19. Qg4 Bc3 20. Bxc3 Nxc3 21.
Rac1 Qe5 22. Qg3 Qf6 23. Qd6 Rac8 24. Qc5 Rc7 25. Qa5 1-0

[Event "FRA Team Ch"]
[Site "Noyon"]
[Date "2001.02.02"]
[Round "1.7"]
[White "Hareux, Hubert"]
[Black "Carton, Camille"]
[Result "1/2-1/2"]
[WhiteElo "2211"]
[BlackElo "2234"]
[Annotator "Cappelle-Noyon"]
[PlyCount "116"]
[EventDate "2001.02.??"]

1. d4 d5 2. c4 e6 3. Nc3 c6 4. e3 Bd6 5. Nf3 f5 6. b3 Nf6 7. Bb2 Nbd7 8. Bd3
Ne4 9. O-O O-O 10. Rc1 Qf6 11. Nd2 Qh6 12. f4 g5 13. g3 Ndf6 14. Nf3 gxf4 15.
exf4 Ng4 16. Qe2 b6 17. Ne5 Bxe5 18. dxe5 Nc5 19. Rc2 Bb7 20. Ba3 Nxd3 21. Bxf8
Qxf8 22. Qxd3 d4 23. Nd1 c5 24. Re2 Qh6 25. b4 Qh3 26. bxc5 bxc5 27. Rfe1 Kh8
28. Rb2 Bc6 29. Qf1 Qh5 30. h3 Rg8 31. Rb3 Rg6 32. Re2 Nh6 33. Nf2 Bf3 34. Rxf3
Qxf3 35. Nh1 Qc3 36. Re1 Nf7 37. Rb1 Kg7 38. Qc1 Qd3 39. Rb3 Qe2 40. Rb2 Qe4
41. Kh2 h5 42. Nf2 Qf3 43. Nh1 Nd8 44. Qd2 h4 45. gxh4 Kh6 46. Qf2 Qd3 47. h5
Kxh5 48. Rb8 Nf7 49. Rb7 Rg7 50. Rxa7 Qxc4 51. Ng3+ Kh6 52. h4 Qd3 53. Re7 c4
54. Rxe6+ Kh7 55. Nh5 Rg6 56. Re7 Kg8 57. Re8+ Kh7 58. Re7 Kg8 1/2-1/2

[Event "FRA Team Ch"]
[Site "Noyon"]
[Date "2001.02.02"]
[Round "1.8"]
[White "Bernard, Jacques"]
[Black "Marchyllie, Bruno"]
[Result "0-1"]
[WhiteElo "2237"]
[BlackElo "2182"]
[Annotator "Noyon-Cappelle"]
[PlyCount "102"]
[EventDate "2001.02.??"]

1. e4 c6 2. d4 d6 3. Nc3 Nd7 4. f4 Qc7 5. Nf3 g6 6. e5 Nb6 7. Bd3 Bg4 8. h3
Bxf3 9. Qxf3 O-O-O 10. O-O f5 11. a4 d5 12. a5 Na8 13. Be3 e6 14. Na4 Kd7 15.
Nc5+ Bxc5 16. dxc5 Ke8 17. a6 b5 18. cxb6 Nxb6 19. Bc5 Ne7 20. Qg3 Nd7 21. Bd6
Qb6+ 22. Kh2 Nc8 23. Qg5 Kf7 24. g4 Nxd6 25. exd6 Nf6 26. Rae1 Rxd6 27. gxf5
exf5 28. Re5 Re6 29. Rg1 Rg8 30. Rg2 Qd8 31. Rge2 Rge8 32. Qg1 Qb8 33. Qd4 Ne4
34. Bxe4 fxe4 35. Rf2 Rxe5 36. fxe5+ Kg8 37. Kh1 Rxe5 38. Qc5 Qc8 39. Qe3 c5
40. Qg3 Qe6 41. Qh4 d4 42. Qd8+ Qe8 43. Qc7 e3 44. Re2 Rf5 45. Qb7 Qf8 46. Qe4
Rf1+ 47. Kg2 Rf2+ 48. Rxf2 Qxf2+ 49. Kh1 e2 50. Qe8+ Kg7 51. Qe7+ Kh6 0-1

[Event "FRA Team Ch"]
[Site "Noyon"]
[Date "2001.02.02"]
[Round "1.9"]
[White "Husson, Cybele"]
[Black "Wolfangel, Florence"]
[Result "1/2-1/2"]
[WhiteElo "2036"]
[BlackElo "1870"]
[Annotator "Cappelle-Noyon"]
[PlyCount "101"]
[EventDate "2001.02.??"]

1. e4 e6 2. d4 d5 3. Nc3 Bb4 4. Nge2 dxe4 5. a3 Be7 6. Nxe4 Nf6 7. N2g3 Nbd7 8.
Bd3 O-O 9. O-O c5 10. dxc5 Nxc5 11. Nxf6+ Bxf6 12. Bxh7+ Kxh7 13. Qh5+ Kg8 14.
Qxc5 b6 15. Qh5 Bb7 16. Qg4 Qd4 17. Qxd4 Bxd4 18. c3 Bc5 19. Rd1 Rad8 20. Bf4
f6 21. Bc7 Rxd1+ 22. Rxd1 Bd5 23. b4 Rc8 24. Bf4 Be7 25. Rd3 a5 26. h4 Rc4 27.
Be3 axb4 28. cxb4 b5 29. h5 Kh7 30. Nf5 Bxb4 31. Nxg7 Kxg7 32. axb4 Rxb4 33.
Bd2 Rg4 34. f3 Ra4 35. f4 Ra1+ 36. Kh2 Ra2 37. f5 Rb2 38. Rg3+ Kh7 39. Bc3 Rb3
40. fxe6 Bxe6 41. Bxf6 Rxg3 42. Kxg3 Kh6 43. Kh4 b4 44. g4 Bf7 45. Bb2 b3 46.
Bc1+ Kh7 47. Kg5 Be6 48. Kf4 Bf7 49. Kg5 Be8 50. Kf6 b2 51. Bxb2 1/2-1/2

[Event "FRA Team Ch"]
[Site "Noyon"]
[Date "2001.02.02"]
[Round "1.4"]
[White "Vallin, Guillaume"]
[Black "Hebden, Mark"]
[Result "1/2-1/2"]
[WhiteElo "2396"]
[BlackElo "2522"]
[Annotator "Gonfreville-Clichy"]
[PlyCount "84"]
[EventDate "2001.02.??"]

1. d4 Nf6 2. c4 g6 3. Nc3 Bg7 4. e4 d6 5. f4 O-O 6. Nf3 Na6 7. Bd3 e5 8. fxe5
dxe5 9. d5 Nh5 10. O-O Qe7 11. Be3 f5 12. a3 f4 13. Bf2 c5 14. Be2 Nf6 15. h3
Ne8 16. Rb1 Nd6 17. b4 b6 18. Nd2 Bd7 19. Nb3 Rac8 20. bxc5 Nxc5 21. Bxc5 bxc5
22. Na5 h5 23. Nb7 Bf6 24. Nxd6 Qxd6 25. Nb5 Qa6 26. Rf3 Qa5 27. Rfb3 Bxb5 28.
Rxb5 Qxa3 29. R1b3 Qa6 30. Rb7 f3 31. Bxf3 Qxc4 32. Bxh5 Qxe4 33. Rg3 Bg5 34.
Bxg6 Qxg6 35. h4 Rf5 36. hxg5 Rcf8 37. d6 Rf1+ 38. Qxf1 Rxf1+ 39. Kxf1 Qxd6 40.
Kg1 e4 41. Ra3 a5 42. Rxa5 Qd1+ 1/2-1/2

[Event "FRA Team Ch"]
[Site "Noyon"]
[Date "2001.02.02"]
[Round "1.5"]
[White "Conquest, Stuart"]
[Black "Beikert, Guenther"]
[Result "0-1"]
[WhiteElo "2546"]
[BlackElo "2443"]
[Annotator "Clichy-Gonfreville"]
[PlyCount "118"]
[EventDate "2001.02.??"]

1. c4 c5 2. b3 Nc6 3. Bb2 e5 4. g3 g6 5. Bg2 Bg7 6. Nc3 d6 7. a3 Nge7 8. e3 O-O
9. Nge2 Be6 10. O-O d5 11. cxd5 Nxd5 12. Ne4 b6 13. f4 exf4 14. Bxg7 Kxg7 15.
gxf4 Qd7 16. Qc2 Rad8 17. Qb2+ f6 18. N2g3 Bh3 19. Bxh3 Qxh3 20. f5 Qh4 21. Rf2
g5 22. Rc1 Rfe8 23. Rc4 g4 24. Rg2 Ne5 25. Ra4 a5 26. Kh1 Nxe3 27. dxe3 Rd1+
28. Rg1 Red8 29. Nf1 h5 30. Qf2 Qh3 31. Qg2 Qf3 32. b4 Re1 33. bxc5 Rdd1 34.
Rd4 Rxf1 35. Rxd1 Rxd1 36. Qxf3 Rxg1+ 37. Kxg1 Nxf3+ 38. Kh1 bxc5 39. Nxc5 Ne5
40. e4 h4 41. Kg2 Kh6 42. a4 Nc4 43. h3 Ne3+ 44. Kg1 g3 45. Ne6 Nc4 46. Kg2 Nd6
47. Nc5 Kh5 48. Kf1 Nf7 49. Ne6 Kh6 50. Nf4 Nd6 51. e5 fxe5 52. Ng6 e4 53. Nxh4
Kg5 54. Ng2 Nxf5 55. Ke2 Nh4 56. Ne3 Ng6 57. Nc2 Nf4+ 58. Ke3 g2 59. Kf2 Kh4
0-1

[Event "FRA Team Ch"]
[Site "Noyon"]
[Date "2001.02.02"]
[Round "1.6"]
[White "Eliet, Nicolas"]
[Black "Apicella, Manuel"]
[Result "0-1"]
[WhiteElo "2398"]
[BlackElo "2518"]
[Annotator "Gonfreville-Clichy"]
[PlyCount "54"]
[EventDate "2001.02.??"]

1. d4 d5 2. c4 e6 3. Nc3 c6 4. e3 Bd6 5. Bd3 f5 6. Qh5+ g6 7. Qe2 Nf6 8. Nf3
Nbd7 9. Bd2 Qe7 10. h3 b6 11. g4 Bb7 12. cxd5 Nxd5 13. gxf5 exf5 14. Nxd5 cxd5
15. O-O-O O-O-O 16. Kb1 Kb8 17. Rc1 Rc8 18. h4 Nf6 19. Ng5 h6 20. Nf3 Ne4 21.
Rhg1 g5 22. Rxc8+ Rxc8 23. hxg5 hxg5 24. Rc1 g4 25. Rxc8+ Bxc8 26. Ne1 f4 27.
exf4 Nxd2+ 0-1

[Event "FRA Team Ch"]
[Site "Noyon"]
[Date "2001.02.02"]
[Round "1.7"]
[White "Pavlovic, Milos"]
[Black "Gouret, Thierry"]
[Result "1-0"]
[WhiteElo "2496"]
[BlackElo "2322"]
[Annotator "Clichy-Gonfreville"]
[PlyCount "75"]
[EventDate "2001.02.??"]

1. d4 d5 2. Nf3 Nf6 3. c4 e6 4. e3 Be7 5. Bd3 O-O 6. O-O b6 7. Nc3 Bb7 8. cxd5
exd5 9. b3 Ba6 10. Bb2 c6 11. Rc1 Bxd3 12. Qxd3 Nbd7 13. Ne2 Rc8 14. Ng3 Re8
15. Ne5 Nb8 16. Rc2 Rc7 17. Rfc1 Qd6 18. Qf5 Rec8 19. Nh5 g6 20. Nxf6+ Qxf6 21.
Qh3 Qe6 22. Qg3 Bd6 23. Qh4 Be7 24. Qf4 Bd6 25. e4 f6 26. Qg4 Qe8 27. f4 fxe5
28. fxe5 Bf8 29. exd5 Bh6 30. d6 Bxc1 31. Rxc1 Rd7 32. h3 Rcd8 33. d5 cxd5 34.
e6 h5 35. Qd4 Rh7 36. Qxd5 Rc8 37. Rxc8 Qxc8 38. d7 1-0

[Event "FRA Team Ch"]
[Site "Noyon"]
[Date "2001.02.02"]
[Round "1.8"]
[White "Gervais, Claire"]
[Black "Renet, Olivier"]
[Result "0-1"]
[WhiteElo "2170"]
[BlackElo "2494"]
[Annotator "Gonfreville-Clichy"]
[PlyCount "37"]
[EventDate "2001.02.??"]

1. d4 d5 2. c4 dxc4 3. Nc3 Nc6 4. Nf3 Nf6 5. Bg5 a6 6. d5 Na5 7. Qa4+ c6 8. b4
cxb3 9. axb3 e6 10. b4 Nc4 11. dxc6 b5 12. c7 Qd7 13. Qb3 Qxc7 14. Nxb5 Qb7 15.
Qxc4 axb5 16. Qd4 Bxb4+ 17. Bd2 Bxd2+ 18. Nxd2 Qd5 19. Qb2 0-1

[Event "FRA Team Ch"]
[Site "Bischwiller"]
[Date "2001.02.02"]
[Round "1.1"]
[White "Galdunts, Sergei"]
[Black "Georgiev, Kiril"]
[Result "0-1"]
[WhiteElo "2510"]
[BlackElo "2676"]
[Annotator "Bischwiller-Mulhouse"]
[PlyCount "80"]
[EventDate "2001.02.04"]

1. e4 c5 2. Nf3 d6 3. Bc4 Nf6 4. d3 Nc6 5. c3 g6 6. O-O Bg7 7. Bb3 O-O 8. Re1
Bg4 9. h3 Bxf3 10. Qxf3 Nd7 11. Nd2 b5 12. Nf1 b4 13. Bd2 Rb8 14. Ne3 a5 15.
Qg3 Nb6 16. Nf5 bxc3 17. bxc3 c4 18. Nxg7 cxb3 19. Nf5 Kh8 20. Nh6 Nd7 21. f4
bxa2 22. Rxa2 Rb3 23. Qf2 Nc5 24. Qe2 d5 25. Qe3 d4 26. cxd4 Rxd3 27. Qf2 Rxd4
28. Bc3 Nd3 29. Bxd4+ Nxd4 30. Qe3 Nxe1 31. Qxe1 Qb6 32. Kh2 Kg7 33. Ng4 Ra8
34. Qc3 f6 35. Rb2 Rc8 36. Qxc8 Qxb2 37. Qd7 Qb4 38. e5 fxe5 39. Nxe5 Ne2 40.
g3 Nxf4 0-1

[Event "FRA Team Ch"]
[Site "Bischwiller"]
[Date "2001.02.02"]
[Round "1.2"]
[White "Sokolov, Andrei"]
[Black "Schlosser, Philipp"]
[Result "0-1"]
[WhiteElo "2566"]
[BlackElo "2511"]
[Annotator "Mulhouse-Bischwiller"]
[PlyCount "112"]
[EventDate "2001.02.04"]

1. e4 c6 2. c4 d5 3. exd5 cxd5 4. cxd5 Nf6 5. Nc3 Nxd5 6. Nf3 e6 7. Bc4 Nc6 8.
d4 Be7 9. O-O O-O 10. Re1 Bf6 11. Ne4 b6 12. Nxf6+ Nxf6 13. Bg5 Bb7 14. Rc1 Rc8
15. Bd3 h6 16. Bh4 Nxd4 17. Ne5 Qd5 18. f3 Rxc1 19. Qxc1 Nd7 20. Be4 Qxe5 21.
Bh7+ Kxh7 22. Rxe5 Nxe5 23. Qc7 Nexf3+ 24. gxf3 Nxf3+ 25. Kf2 Bd5 26. Be7 Ra8
27. h4 Kg8 28. Ke3 f6 29. h5 Ng5 30. a4 Bf3 31. b4 Bxh5 32. b5 Bf3 33. a5 bxa5
34. Bc5 a4 35. Bxa7 a3 36. Qa5 Rc8 37. Qxa3 h5 38. Bd4 Rc2 39. b6 h4 40. Qa4
Rc8 41. Qa7 e5 42. Bb2 Rc2 43. b7 Re2+ 44. Kd3 Rxb2 45. b8=Q+ Rxb8 46. Qxb8+
Kh7 47. Ke3 h3 48. Qb2 Bg4 49. Qc2+ f5 50. Kf2 Nf3 51. Qc7 e4 52. Qe7 Nd4 53.
Kg3 Ne2+ 54. Kf2 Nf4 55. Kg3 Ng2 56. Kh2 e3 0-1

[Event "FRA Team Ch"]
[Site "Bischwiller"]
[Date "2001.02.02"]
[Round "1.3"]
[White "Ivanov, Mikhail M"]
[Black "Baklan, Vladimir"]
[Result "0-1"]
[WhiteElo "2454"]
[BlackElo "2613"]
[Annotator "Bischwiller-Mulhouse"]
[PlyCount "106"]
[EventDate "2001.02.04"]

1. d4 Nf6 2. Nf3 e6 3. c4 b6 4. g3 Ba6 5. Nbd2 Bb7 6. Bg2 c5 7. e4 cxd4 8. Nxd4
Bc5 9. N4b3 d6 10. O-O e5 11. Re1 O-O 12. Nf1 Qc7 13. Bg5 Nbd7 14. Rc1 Rfe8 15.
Qc2 h6 16. Bd2 Rac8 17. Nxc5 Nxc5 18. b4 Ne6 19. Qd3 a5 20. a3 Ba6 21. Ne3 Nd4
22. Qb1 a4 23. b5 Bb7 24. Nd5 Qd8 25. Be3 Bxd5 26. cxd5 Rc5 27. Bxd4 exd4 28.
Qb2 Qd7 29. Qxd4 Qxb5 30. Rb1 Qa5 31. Rec1 Nd7 32. h3 Rxc1+ 33. Rxc1 Nc5 34.
Rd1 b5 35. Kh2 Nb3 36. Qb2 b4 37. f4 f6 38. h4 Qc5 39. axb4 Qxb4 40. Rb1 Qc4
41. Qa3 Nc5 42. Rb4 Qe2 43. Rb6 Kh7 44. Rb2 Qe1 45. Rb4 Nxe4 46. Rxe4 Rxe4 47.
Bxe4+ Qxe4 48. Qxd6 Qd3 49. Qb4 a3 50. Qa5 f5 51. Qa8 Qe2+ 52. Kh3 a2 53. d6
Qf1+ 0-1

[Event "FRA Team Ch"]
[Site "Bischwiller"]
[Date "2001.02.02"]
[Round "1.4"]
[White "Koch, Jean-Rene"]
[Black "Blot, Jerome"]
[Result "1-0"]
[WhiteElo "2507"]
[BlackElo "2324"]
[Annotator "Mulhouse-Bischwiller"]
[PlyCount "75"]
[EventDate "2001.02.04"]

1. e4 c5 2. Nf3 e6 3. d3 Nc6 4. g3 g6 5. Bg2 Bg7 6. O-O Nge7 7. Re1 O-O 8. c3
b5 9. d4 cxd4 10. cxd4 d5 11. e5 Nf5 12. Bh3 Qb6 13. Bxf5 exf5 14. Nc3 Be6 15.
Bf4 Rac8 16. Qd2 Qa5 17. h4 b4 18. Ne2 Qb6 19. Bh6 Nb8 20. h5 Nd7 21. Kg2 Rfe8
22. Bxg7 Kxg7 23. Rh1 Nf8 24. Nf4 Rc4 25. Nd3 a5 26. Nc5 Qc7 27. Rh4 Kg8 28.
Rah1 Rxc5 29. dxc5 Qxc5 30. Rc1 Qe7 31. Nd4 f6 32. Nc6 Qf7 33. exf6 Qxf6 34.
Qd4 Qxd4 35. Rxd4 gxh5 36. Nxa5 Ra8 37. Rc5 Nd7 38. Rb5 1-0

[Event "FRA Team Ch"]
[Site "Bischwiller"]
[Date "2001.02.02"]
[Round "1.5"]
[White "Mohebbi, Jaffar"]
[Black "Pelletier, Yannick"]
[Result "1/2-1/2"]
[WhiteElo "2318"]
[BlackElo "2548"]
[Annotator "Bischwiller-Mulhouse"]
[PlyCount "69"]
[EventDate "2001.02.04"]

1. d4 e6 2. c4 Nf6 3. Nf3 d5 4. Nc3 c6 5. cxd5 exd5 6. Bg5 h6 7. Bh4 Bf5 8. e3
Qb6 9. Bd3 Qxb2 10. O-O Ne4 11. Nxe4 dxe4 12. Bc2 Qa3 13. Qb1 Qb4 14. Qd1 Qa3
15. Rb1 b5 16. d5 Be7 17. Nd4 Bd7 18. dxc6 Bxc6 19. Nxc6 Nxc6 20. Bxe4 Rc8 21.
Bxc6+ Rxc6 22. Qf3 Qa6 23. Qe4 g5 24. Bg3 Kf8 25. Rfd1 Bf6 26. h4 gxh4 27. Bxh4
Rc4 28. Qa8+ Kg7 29. Bxf6+ Qxf6 30. Qxa7 Ra4 31. Qc7 Rxa2 32. Qg3+ Kh7 33. Rxb5
Rg8 34. Qf4 Qxf4 35. exf4 1/2-1/2

[Event "FRA Team Ch"]
[Site "Bischwiller"]
[Date "2001.02.02"]
[Round "1.6"]
[White "Popovic, Petar"]
[Black "Schneider, Heiko"]
[Result "1-0"]
[WhiteElo "2518"]
[BlackElo "2275"]
[Annotator "Mulhouse-Bischwiller"]
[PlyCount "67"]
[EventDate "2001.02.04"]

1. e4 c5 2. Nf3 d6 3. d4 cxd4 4. Nxd4 Nf6 5. Nc3 g6 6. Be3 Bg7 7. f3 O-O 8. Qd2
Nc6 9. O-O-O d5 10. exd5 Nxd5 11. Nxc6 bxc6 12. Bd4 e5 13. Bc5 Be6 14. Ne4 f5
15. Ng5 Bh6 16. h4 Re8 17. Ba6 Rb8 18. Rhe1 Qf6 19. Bd6 Bc8 20. Bxb8 Bxa6 21.
Bxa7 Ra8 22. Bc5 Bc4 23. a3 Bf8 24. Qf2 Ra5 25. Rxd5 cxd5 26. Bxf8 Qxf8 27. Qb6
Ra6 28. Qc7 Qg7 29. Qd8+ Qf8 30. Qd7 Qg7 31. Qe8+ Qf8 32. Rxe5 h6 33. Qd7 hxg5
34. Re8 1-0

[Event "FRA Team Ch"]
[Site "Bischwiller"]
[Date "2001.02.02"]
[Round "1.7"]
[White "Peter, Sebastien"]
[Black "Benitah, Yohan"]
[Result "0-1"]
[WhiteElo "2194"]
[BlackElo "2345"]
[Annotator "Bischwiller-Mulhouse"]
[PlyCount "80"]
[EventDate "2001.02.04"]

1. e4 e6 2. d4 d5 3. Nd2 Nf6 4. e5 Nfd7 5. c3 c5 6. Bd3 Nc6 7. Ne2 cxd4 8. cxd4
f6 9. exf6 Nxf6 10. Nf3 Bd6 11. O-O Qc7 12. g3 O-O 13. Bf4 Bxf4 14. Nxf4 Qb6
15. Qd2 g6 16. Qe3 Bd7 17. Rad1 Rae8 18. Rfe1 e5 19. dxe5 Qxe3 20. Rxe3 Ng4 21.
Ree1 Ncxe5 22. Be2 Bc6 23. h3 Nf6 24. Nxe5 Rxe5 25. Nd3 Re7 26. Bf3 Ne4 27.
Bxe4 Rxe4 28. Rxe4 dxe4 29. Nb4 Bb5 30. Re1 Rd8 31. b3 Rd4 32. a3 a5 33. Nc2
Rd2 34. Rc1 Rd3 35. Ne3 Bc6 36. Nc4 Rd5 37. b4 axb4 38. axb4 Rd4 39. Na5 Bd5
40. Rc8+ Kg7 0-1

[Event "FRA Team Ch"]
[Site "Bischwiller"]
[Date "2001.02.02"]
[Round "1.8"]
[White "Marzolo, Cyril"]
[Black "Grill, Marc"]
[Result "1-0"]
[WhiteElo "2378"]
[BlackElo "2200"]
[Annotator "Mulhouse-Bischwiller"]
[PlyCount "69"]
[EventDate "2001.02.04"]

1. d4 d5 2. Nf3 Nf6 3. c4 e6 4. g3 c5 5. cxd5 exd5 6. Bg2 Nc6 7. O-O Be7 8. Nc3
O-O 9. Bg5 cxd4 10. Nxd4 h6 11. Be3 Be6 12. Nxe6 fxe6 13. Qa4 a6 14. Rfd1 Bd6
15. Rac1 b5 16. Qh4 Rc8 17. Bh3 Qe7 18. Bb6 Ne5 19. Nxd5 Nxd5 20. Qxe7 Nxe7 21.
Bxe6+ Nf7 22. Bxc8 Rxc8 23. Rxc8+ Nxc8 24. Bd4 Ne7 25. f4 g5 26. e3 Nf5 27. Bb6
gxf4 28. gxf4 Ng7 29. Kf2 Ne6 30. Kf3 Kg7 31. Ke4 Kf6 32. Kd5 Ke7 33. Kc6 Ned8+
34. Bxd8+ Nxd8+ 35. Kb6 1-0

[Event "FRA Team Ch"]
[Site "Bischwiller"]
[Date "2001.02.02"]
[Round "1.1"]
[White "Khenkin, Igor"]
[Black "Kallai, Gabor"]
[Result "1-0"]
[WhiteElo "2612"]
[BlackElo "2543"]
[Annotator "Nancy-Strasbourg"]
[PlyCount "95"]
[EventDate "2001.02.04"]

1. d4 d5 2. c4 c6 3. Nf3 Nf6 4. Nc3 dxc4 5. a4 Bf5 6. Nh4 Be6 7. e4 g6 8. Be2
Bg7 9. f4 O-O 10. g4 Nxe4 11. Nxe4 Bd5 12. Bf3 e5 13. g5 exd4 14. O-O Nd7 15.
f5 Ne5 16. f6 Re8 17. fxg7 Nxf3+ 18. Qxf3 Rxe4 19. Ng2 Qe7 20. Qg3 Re8 21. Nf4
d3 22. Bd2 Qe5 23. Bc3 Qd6 24. Qf2 Qe7 25. h4 Qd7 26. Rae1 Re2 27. Rxe2 dxe2
28. Re1 Qg4+ 29. Kh2 Bf3 30. Qg3 Re3 31. Qxg4 Bxg4 32. Kg2 b5 33. Bd2 Rb3 34.
Bc3 b4 35. Bf6 Re3 36. Kh2 c3 37. bxc3 bxc3 38. Ng2 Rh3+ 39. Kg1 c2 40. Rc1 Rg3
41. Kf2 Rf3+ 42. Ke1 Rf1+ 43. Kd2 Bf5 44. Bb2 Rf2 45. Ne3 Rh2 46. Re1 Be6 47.
Rxe2 Rxh4 48. Kxc2 1-0

[Event "FRA Team Ch"]
[Site "Bischwiller"]
[Date "2001.02.02"]
[Round "1.2"]
[White "Roos, Daniel"]
[Black "Bauer, Christian"]
[Result "1/2-1/2"]
[WhiteElo "2404"]
[BlackElo "2618"]
[Annotator "Strasbourg-Nancy"]
[PlyCount "87"]
[EventDate "2001.02.04"]

1. d4 d6 2. g3 Nf6 3. Bg2 g6 4. e4 Bg7 5. Ne2 O-O 6. O-O e5 7. h3 exd4 8. Nxd4
Nc6 9. Be3 Re8 10. Nc3 Bd7 11. Rb1 Qc8 12. Nxc6 bxc6 13. Kh2 c5 14. Qd3 Rb8 15.
b3 Re5 16. Ne2 Bc6 17. Nc3 Qb7 18. Bf4 Re6 19. Rfe1 Rbe8 20. f3 d5 21. Rbd1
dxe4 22. Nxe4 Nxe4 23. fxe4 h5 24. Re2 Bd4 25. c3 Bb5 26. c4 Bc6 27. Rde1 a5
28. Qc2 a4 29. bxa4 Qa7 30. e5 Bxg2 31. Kxg2 Qa6 32. Kh2 Rb8 33. Bg5 Rb2 34.
Qc1 Rxe2+ 35. Rxe2 Bxe5 36. Qe1 Qd6 37. Re3 Qd4 38. Kg2 h4 39. Bf4 Qb2+ 40. Qe2
Qb7+ 41. Qf3 Qb2+ 42. Qe2 Qb7+ 43. Qf3 Qb2+ 44. Qe2 1/2-1/2

[Event "FRA Team Ch"]
[Site "Bischwiller"]
[Date "2001.02.02"]
[Round "1.3"]
[White "Turner, Matthew"]
[Black "Roos, Louis"]
[Result "1-0"]
[WhiteElo "2498"]
[BlackElo "2381"]
[Annotator "Nancy-Strasbourg"]
[PlyCount "73"]
[EventDate "2001.02.04"]

1. g3 e5 2. Bg2 Nf6 3. c4 Nc6 4. Nc3 Bb4 5. e4 Bxc3 6. bxc3 d6 7. d3 h6 8. f4
exf4 9. Bxf4 g5 10. Bc1 Qe7 11. Ne2 Bg4 12. h3 Bxe2 13. Qxe2 Qe5 14. O-O Nd7
15. d4 Qa5 16. Bd2 Qa4 17. Rf5 O-O-O 18. Rxf7 Na5 19. c5 dxc5 20. e5 Qc4 21.
Qxc4 Nxc4 22. Be1 Ndb6 23. Bf2 Nd5 24. Rc1 Nde3 25. Bf3 Rhf8 26. Rxf8 Rxf8 27.
Be2 b5 28. Bxe3 Nxe3 29. Bxb5 Kd8 30. d5 Rf3 31. Re1 Nf5 32. g4 Nh4 33. d6 Ng6
34. Bc6 Rf8 35. Rb1 cxd6 36. exd6 Kc8 37. Rb7 1-0

[Event "FRA Team Ch"]
[Site "Bischwiller"]
[Date "2001.02.02"]
[Round "1.4"]
[White "Szabolcsi, Janos"]
[Black "Adrian, Claude"]
[Result "1-0"]
[WhiteElo "2410"]
[BlackElo "2381"]
[Annotator "Strasbourg-Nancy"]
[PlyCount "65"]
[EventDate "2001.02.04"]

1. d4 Nf6 2. c4 c5 3. d5 b5 4. Nf3 g6 5. Qc2 Na6 6. a3 bxc4 7. e4 Bg7 8. Bxc4
O-O 9. e5 Ng4 10. O-O d6 11. exd6 exd6 12. Nc3 Nc7 13. Bf4 Bf5 14. Qd2 Qd7 15.
Nh4 Rfe8 16. Nxf5 gxf5 17. Rae1 Rab8 18. h3 Ne5 19. Ba2 Nb5 20. Ne2 Ng6 21. Be3
Nxa3 22. bxa3 Rb2 23. Qc1 Rxa2 24. Nc3 Bxc3 25. Qxc3 Qa4 26. Bh6 Re5 27. Rxe5
dxe5 28. Rb1 f6 29. Qxc5 Qxa3 30. Rb8+ Kf7 31. Rb7+ Ne7 32. Rxe7+ Kg6 33. Qc7
1-0

[Event "FRA Team Ch"]
[Site "Bischwiller"]
[Date "2001.02.02"]
[Round "1.5"]
[White "Philippe, Christophe"]
[Black "Herbrechtsmeier, Christof"]
[Result "1/2-1/2"]
[WhiteElo "2356"]
[BlackElo "2336"]
[Annotator "Nancy-Strasbourg"]
[PlyCount "65"]
[EventDate "2001.02.04"]

1. e4 c5 2. Nf3 Nc6 3. Bb5 g6 4. Bxc6 dxc6 5. d3 Bg7 6. h3 Nf6 7. Nc3 O-O 8.
Be3 b6 9. Qd2 Be6 10. Ng5 Qd7 11. f4 Ne8 12. g4 f5 13. gxf5 gxf5 14. Nxe6 Qxe6
15. e5 Nc7 16. O-O-O Kh8 17. Rhg1 Bh6 18. Rg2 Rg8 19. Rdg1 Nd5 20. Nxd5 Qxd5
21. b3 Qf3 22. h4 Rxg2 23. Rxg2 Rg8 24. Rxg8+ Kxg8 25. d4 cxd4 26. Qxd4 Kf7 27.
Kb2 Kg6 28. Qd7 Qxe3 29. Qe8+ Kg7 30. Qxe7+ Kg6 31. Qe8+ Kg7 32. Qe7+ Kg6 33.
Qe8+ 1/2-1/2